header

The new predator, women who kill (Record no. 217656)

MARC details
000 -LEADER
fixed length control field 01791nam a2200373 a 4500
082 04 - DEWEY DECIMAL CLASSIFICATION NUMBER
Classification number 364.15/23/0820973
100 1# - MAIN ENTRY--AUTHOR NAME
Personal name Schurman-Kauflin, Deborah.
245 14 - TITLE STATEMENT
Title The new predator, women who kill
260 ## - PUBLICATION, DISTRIBUTION, ETC. (IMPRINT)
Place of publication New York :
Name of publisher Algora Pub.,
Year of publication 2000.
300 ## - PHYSICAL DESCRIPTION
Number of Pages 235 p.
505 0# - FORMATTED CONTENTS NOTE
Formatted contents note Murder -- Murder theories : how could they do it? -- Female multiple murderers : up close and personal -- The process of maturation -- From fantasy to reality -- The sadistic female multiple murderer -- Behavior patterns -- Profiling -- Tornado effect -- Interviewing multiple murderers -- Conclusion and future of profiling.
650 #0 - SUBJECT ADDED ENTRY--TOPICAL TERM
Topical Term Women serial murderers
Topical Term Criminal behavior
Topical Term Criminal methods
856 40 - ELECTRONIC LOCATION AND ACCESS
Uniform Resource Identifier http://site.ebrary.com/lib/rucke/Doc?id=10476693

No items available.

© 2026 Rongo University
Contact us: librarian | system librarian | Rongo university